| 000 | 00730nam a22002417a 4500 | ||
|---|---|---|---|
| 005 | 20170124110057.0 | ||
| 010 | _aA-600960 | ||
| 020 |
_c00.00 _a8171171001 |
||
| 035 | _aA-600960 | ||
| 037 | _bCen Lib/Ret | ||
| 040 |
_aDPL _bEN |
||
| 082 |
_a658 _bBUS |
||
| 245 |
_aBusiness policy and government management / _cedited by A.C. Mittal |
||
| 260 |
_aNew Delhi _bOsmos Publications _c1992 |
||
| 270 |
_aT-7, rajouri garden _bNew Delhi _e110027 |
||
| 300 |
_aviii, 336p. _c21cm(Hb) |
||
| 490 | _aModern management review | ||
| 500 | _aIncludes index | ||
| 650 |
_aExport management _9102006 |
||
| 650 |
_aBusiness policies _925145 |
||
| 700 |
_aMittal, A.C. _926660 |
||
| 942 |
_2ddc _cEN _h658 _mBUS |
||
| 999 |
_c129538 _d129538 |
||